000 00641nam a22002057a 4500
003 0
005 20230918113550.0
008 230918b xxu||||| |||| 00| 0 eng d
022 _2978-1-64726-321-8
050 _aTK 5105.5
_b.M37 2023
100 _aMartin, Henry
245 _aComputer networking : an innovative approach
_c Henry Martin
260 _aNew York
_bClanrye International
_cc2023.
300 _aviii, 237 pages :
_bcol. ill. ;
_c27 cm.
500 _aComputer networks.
504 _aIncludes bibliographical references and index.
650 _aComputer networks.
650 _aElectronic systems.
942 _2lcc
_cBK
999 _c365312
_d365312